000 01106cam a2200301 i 4500
001 4139156
003 EG-ScBUE
005 20250616131132.0
008 771031t1979 dcua f b 001 0 eng d
020 _a0070645701
040 _aDLC
_beng
_erda
_cDLC
_dDLC
_dEG-ScBUE
082 0 4 _a536.7
_222
_bTIE
100 1 _aTien, Chang L.,
_d1935-
_eauthor.
_97019
245 1 0 _aStatistical Thermodynamics /
_cChang L. Tien, University of California, Berkeley, John H. Lienhard, University of Kentucky.
250 _aRevised printing.
264 1 _aWashington :
_bHemisphere Publishing Corporation ;
_aNew York :
_bMcGraw-Hill,
_c[1979]
264 4 _cc1979
300 _axvi, 397 pages :
_billustrations ;
_c24 cm.
336 _2rdacontent
_atext
_btxt
337 _aunmediated
_2rdamedia
_bn
338 _avolume
_bnc
_2rdacarrier
490 0 _aSeries in thermal and fluids engineering
504 _aIncludes bibliographical references and index.
650 7 _aStatistical thermodynamics.
_2BUEsh
_97020
655 _vReading book
700 1 _aLienhard, John H.,
_d1930-
_ejoint author.
_97021
942 _2ddc
_cBB
999 _c12055
_d12055